| 000 | 00620cam a2200193 a 4500 | ||
|---|---|---|---|
| 001 | 000002813 | ||
| 005 | 20200929150249.0 | ||
| 008 | 780822s1970 ve 001 e spa | ||
| 040 |
_aDO-SdBNP _bspa _cBNPHU |
||
| 082 |
_aV864.4408 _bE74v |
||
| 100 | 1 |
_aEscovar Salóm, Ramón _94657 |
|
| 245 | 1 | 3 |
_aLa ventana de papel : _bcrónicas, ensayos y discursos / _cRamón Escovar Salóm. |
| 260 |
_aCaracas : _bMonte Ávila, _c1970. |
||
| 300 |
_a336 p. ; _c18 cm. |
||
| 490 | 1 | _aContinente | |
| 650 | 4 |
_aEnsayos venezolanos _xColecciones _98889 |
|
| 650 | 4 |
_aLiteratura venezolana _xColecciones _98890 |
|
| 830 | 0 |
_aContinente _95070 |
|
| 999 |
_c2647 _d2647 |
||